Archaeologické nálezy na ostrově Kypru /

Hlavní autor: Král, Josef, archeolog
Jazyk: Čeština
Vydáno: V Praze : J. Otto, 1882
Témata:
Fyzický popis: 48 s.
Knihy
Uloženo v:
LEADER 00692nam a2200217 a 4500
001 000684688
003 CZ BrMZK
005 20080612085528.0
008 030829s1882 xr f cze d
040 |a BOA001  |b cze  |c BOA001 
100 1 |a Král, Josef,  |c archeolog  |4 aut 
245 1 0 |a Archaeologické nálezy na ostrově Kypru /  |c napsal Josef Král 
260 |a V Praze :  |b J. Otto,  |c 1882 
300 |a 48 s. 
500 |a Přívazek k: Tóma ze Štítného / Josef Durdík 
910 |a BOA001  |b PK-II-0002.307,přív.4 
964 |a Kypr - nálezy archeologické - výklady 
964 |a Bohemika - stol. 19. 
990 |a BK 
993 |a Y 
994 |a UP  |l MZK01  |b 000684671  |m přívazek 4  |n záznam 1. díla